| 000 | 00556nam a2200193 a 4500 | ||
|---|---|---|---|
| 005 | 20220528063552.0 | ||
| 008 | 120625s2007 mx r 000 0 spa d | ||
| 020 | _a9788496566538 | ||
| 035 | _aUPN01000185427 | ||
| 049 | _aI | ||
| 050 | 4 |
_aPZ74.1 _bO4.5 |
|
| 100 | 1 |
_aOlalla Linares, Carlos _932286 |
|
| 245 | 1 | 3 |
_aLa maldición del zodiaco / _cCarlos Olalla Linares ; il. de Mauro Vargas. |
| 260 |
_a[Madrid] : _bNivola, _c2007. |
||
| 300 |
_a139 p. : _bil. |
||
| 440 | 0 |
_aMarco Nero ; _v14 |
|
| 650 | 0 |
_aHistorias de aventuras _94131 |
|
| 905 | _aLibro | ||
| 999 |
_c157530 _d157530 |
||